[Event "Wuerttemberg-ch Seniors 13th"]
[Site "Ellwangen"]
[Date "2001.??.??"]
[Round "4"]
[White "Bode, Heinz"]
[Black "Schmitz, Hubert"]
[Result "1/2-1/2"]
[WhiteElo "1677"]
[BlackElo "1616"]
[PlyCount "42"]
[EventDate "2001.04.??"]
[EventType "swiss"]
[EventRounds "9"]
[EventCountry "GER"]
[SourceTitle "EXT 2006"]
[Source "ChessBase"]
[SourceDate "2005.11.24"]
[SourceVersion "1"]
[SourceVersionDate "2005.11.24"]
[SourceQuality "1"]

1. d4 b5 2. e4 a6 3. Be3 Bb7 4. Nd2 e6 5. Ngf3 Nf6 6. Bd3 c5 7. c3 Qc7 8. h3 Nc6 9. 0-0 Ne7 10. Rc1 Ng6 11. Re1 Be7 12. d5 exd5 13. e5 Ne4 14. Bb1 0-0 15. b4 f5 16. exf6 Bxf6 17. Bxc5 Nxc5 18. bxc5 Qxc5 19. Nb3 Qc7 20. Nfd4 Qf4 21. Qh5 Qh6 1/2-1/2

[Event "Wuerttemberg-ch Seniors 13th"]
[Site "Ellwangen"]
[Date "2001.??.??"]
[Round "7"]
[White "Schmitz, Hubert"]
[Black "Doehner, Hans Juergen"]
[Result "0-1"]
[WhiteElo "1616"]
[BlackElo "2009"]
[PlyCount "66"]
[EventDate "2001.04.??"]
[EventType "swiss"]
[EventRounds "9"]
[EventCountry "GER"]
[SourceTitle "EXT 2006"]
[Source "ChessBase"]
[SourceDate "2005.11.24"]
[SourceVersion "1"]
[SourceVersionDate "2005.11.24"]
[SourceQuality "1"]

1. e4 e5 2. Nf3 Nc6 3. Bc4 Bc5 4. d4 Bxd4 5. 0-0 Nf6 6. Nc3 0-0 7. Bg5 Bxc3 8. bxc3 d6 9. Qd2 Be6 10. Bd5 Na5 11. Rae1 h6 12. Bh4 c6 13. Bb3 Bc4 14. Bxc4 Nxc4 15. Qd3 b5 16. Nd2 g5 17. Nxc4 bxc4 18. Qg3 Kh8 19. Bxg5 hxg5 20. Qh3+ Kg7 21. Qf5 Nh7 22. Re3 Qc8 23. Qf3 f5 24. exf5 Rxf5 25. Qg3 Rf4 26. Rfe1 Qf5 27. h4 Rf8 28. f3 Kf6 29. hxg5+ Nxg5 30. Qh2 Kg7 31. Rb1 Qxc2 32. Rb7+ Kg6 33. Re4 Qd1+ 0-1